01177nab a22001817a 4500003000400000005001700004008004100021040000700062100002100069245012700090260007200217300001300289505043400302505008900736650001800825650003100843773012100874OSt20260121175845.0190502c xxu||||| |||| 00| 0 spa d cPJ aTello, Pablo L. 13aEl principio de ne bis in idem en la jurisprudencia de la Corte Suprema. Alcances formales y materiales /cPablo L. Tello. aCiudad Autónoma de Buenos Aires :bThomson Reuters La Ley,c2024. ap. 13-26 aSumario: I. Introducción.— II. El alcance de la garantía y las sentencias equiparables a definitivas.— III. Resoluciones nulas, magnitud del vicio y doble juzgamiento.— IV. Nulidad que afecta el debido proceso: “Verbeke”.— V. Calificación, concursos y ne bis in idem: “Videla”, “Heredia”, “Amantia” y “Sica”.— VI. El alcance de la garantía frente al recurso acusador.— VII. Conclusión.  t¿Te interesa el texto completo? Solicitalo al correo: koha@justierradelfuego.gov.ar 0aDERECHO PENAL 0aFALLOS DE LA CORTE SUPREMA0 02729dBuenos Aires : LexisNexis, 2006-tRevista de derecho penal y procesal penal. Nº 2 - Febrero 2024z9875920622